00942nam a2200253 i 4500003000900000005001700009007000300026008004100029020001800070040003000088082002900118100004700147245003500194264005100229300002800280336002700308337003300335338002800368500005800396534008500454586010000539650002200639650002700661DO-SdBNP20250514092901.0ta250514b2014 dr ||||| |||| 00| 0 spa d a9789945588095 aDO-SdBNPbspacBNPHUerda 4aRD863.44bD159c 20142221 aDamirón, Rafael,d1882-1956eautor4aut.13aLa Cacica /cRafael Damirón. 4aSanto Domingo :bEdiciones Rumbo Sur,c©2014. a207 páginas ;c23 cm. atextobtxt2rdacontent asin mediaciónbn2RDAmedia avolumenbnc2rdacarrier aIncluye datos biográficos del autor en las solapas. aFascím.bCiudad Trujillo, República DominicanacImprenta La Opinióne1944. aNovela premiada en el concurso literario celebrado con motivo del Centenario de la República. 4aNovela dominicana 4aLiteratura dominicana.